000 00755nam a2200229Ii 4500
003 JO-AjNU
008 230605s9999||||xx |||||||||||||| ||und||
017 _a2847/22
020 _a9960-39-535-9
040 _aJO-AjNU
_bara
_erda
_cJO-AjNU
041 _aara
050 1 4 _aHF5655.2001
100 3 _aالوابل، وابل بن علي,
_eauthor
_964192
245 0 0 _aاسئلة وحالات عملية وحلولها في اسس ومبادئ المحاسبة، ج1
250 _aط1
264 3 1 _aالرياض: المؤلف، 2001
300 _aج1، 348ص
336 _atext
_btxt
_2rdacontent
337 _aunmediated
_bn
_2rdamedia
338 _avolume
_bnc
_2rdacarrier
650 4 _aالمحاسبة-اسس ومبادئ المحاسبة
_964193
999 _aA29159
_c32727
_d32727